000 00883nas a2200265 i 4500
001 1732
003 ES-MaACL
005 20250901102121.0
007 t|
008 950801c1920 be | | 1 ||re d
080 _a339
245 0 0 _aRecueil de statistique de l'Institut International du Commerce /
_cpresident fondateur M. Eugène Baie ; president M. Leon Hennebicq.
260 _aBruxelles :
_bImp. Puvrez,
_c1920-
300 _a11 v. ;
_c25 cm.
310 _aMensual
362 0 _aAño I, t. 1 (1920)-
650 1 4 _aEstadística.
_912520
650 1 7 _aComercio
_2embne
_911157
700 1 _aBaie, M. Eugène,
_edir.
_9194281
700 1 _aHennebicq, Léon,
_d1871-1940
_962551
710 2 _aInstitut International du Comerce (
_cBruselas)
_9194282
852 _aES-MaACL
_jHem-466
866 0 _o(1934)1935(1936),1943(1944-45)(1946f.n.2).
999 _c1732
_d1732